Фэн-Шуй; 150 советов, как создать гармонию и уют в вашем доме и офисе: пер. с англ.

Detalles Bibliográficos
Autor principal: Вайдра Н. Нэнсили
Lenguaje:ruso
Publicado: Москва, ФАИР-ПРЕСС, 2001
Colección:Жемчужина
Materias:
Formato: MixedMaterials Libro
KOHA link:https://koha.lib.tpu.ru/cgi-bin/koha/opac-detail.pl?biblionumber=27543

MARC

LEADER 00000nam0a2200000 4500
001 27543
005 20231030202221.0
010 |a 5818300560 
035 |a (RuTPU)RU\TPU\book\27794 
035 |a BOOK00027869 
090 |a 27543 
100 |a 20011209d2001 m y0rusy50 ca 
101 1 |a rus  |c eng 
102 |a RU 
105 |a а z 000zy 
200 1 |a Фэн-Шуй  |a 150 советов, как создать гармонию и уют в вашем доме и офисе  |e пер. с англ.  |f Н. Вайдра 
210 |a Москва  |c ФАИР-ПРЕСС  |d 2001 
215 |a 336 с.  |c ил. 
225 1 |a Жемчужина 
610 1 |a мистика 
610 1 |a магия 
610 1 |a Китай 
610 1 |a жизненное пространство 
610 1 |a среда обитания 
610 1 |a Фэн-шуй 
610 1 |a дом 
610 1 |a обстановка 
610 1 |a рабочее место 
610 1 |a садовый участок 
686 |a Э422  |v LBC/SL-A  |2 rubbk 
700 1 |a Вайдра  |b Н.  |g Нэнсили 
801 0 |a RU  |b 63413507  |c 20011209  |g PSBO 
801 2 |a RU  |b 63413507  |c 20120410  |g PSBO 
942 |c BK